000 00940nam a2200265 a 4500
001 7841
003 BD-RjUL
005 20211208234502.0
008 160922s1962 gw a b 000 0 ger
035 _a(BD-RjUL)7885
040 _aDLC/ICU
_cICU
_dDLC
_dBD-RjUL
_beng
041 _aeng
082 0 4 _223
_a515.64
_bFUV 1962
100 1 _aFunk, Paul,
_d1886-
_924450
245 1 0 _aVariationsrechnung und ihre Anwendung in Physik und Technik /
_cPaul Funk.
260 _aBerlin :
_bSpringer,
_c1962.
300 _a676 p. :
_billus. ;
_c24 cm.
490 1 _aDie Grundlehren der mathematischen Wissenschaften in Einzeldarstellungen,
_vBd. 94
504 _aIncludes bibliography.
650 0 _aCalculus of variations.
_97162
830 0 _vBd. 94.
_9157282
830 0 _aGrundlehren der mathematischen Wissenschaften in Einzeldarstellungen mit besonderer Berücksichtigung der Anwendungsgebiete ;
_9151001
942 _2ddc
_cBK
999 _c7841
_d7841